The Ruler of British Africa 1870-1914 / (Record no. 12477)
[ view plain ]
| 000 -LEADER | |
|---|---|
| fixed length control field | 00754nam a22002292 4500 |
| 001 - CONTROL NUMBER | |
| control field | 0000001001 |
| 005 - DATE AND TIME OF LATEST TRANSACTION | |
| control field | 20151217155806.0 |
| 008 - FIXED-LENGTH DATA ELEMENTS--GENERAL INFORMATION | |
| fixed length control field | 070223s xx 000 0 eng d |
| 020 ## - INTERNATIONAL STANDARD BOOK NUMBER | |
| International Standard Book Number | 0804709815 : |
| 040 ## - CATALOGING SOURCE | |
| Original cataloging agency | KABU |
| Transcribing agency | KABU |
| 050 #0 - LIBRARY OF CONGRESS CALL NUMBER | |
| Classification number | DT32.5 |
| Item number | .G36 |
| 100 1# - MAIN ENTRY--PERSONAL NAME | |
| Personal name | Gann, L. H. |
| -- | 0000149480 |
| 245 14 - TITLE STATEMENT | |
| Title | The Ruler of British Africa 1870-1914 / |
| Statement of responsibility, etc. | L. H. Gann and Peter Duigan. |
| 260 ## - PUBLICATION, DISTRIBUTION, ETC. (IMPRINT) | |
| Place of publication, distribution, etc. | Stanford, California : |
| Name of publisher, distributor, etc. | Stanford University Press, |
| Date of publication, distribution, etc. | 1978. |
| 300 ## - PHYSICAL DESCRIPTION | |
| Extent | xi, 406 p. |
| 650 #0 - SUBJECT ADDED ENTRY--TOPICAL TERM | |
| Topical term or geographic name as entry element | Great Britain |
| General subdivision | Colonies |
| -- | Administration |
| Geographic subdivision | Africa. |
| -- | 0000149481 |
| 651 #0 - SUBJECT ADDED ENTRY--GEOGRAPHIC NAME | |
| Geographic name | Africa, Sub-Saharan |
| General subdivision | History. |
| -- | 0000149482 |
| 700 1# - ADDED ENTRY--PERSONAL NAME | |
| Personal name | Duigann, Peter. |
| -- | 0000149483 |
| 908 ## - PUT COMMAND PARAMETER (RLIN) | |
| Put command parameter | 070223 |
| 950 ## - LOCAL HOLDINGS (RLIN) | |
| -- | 1 |
| Withdrawn status | Lost status | Source of classification or shelving scheme | Not for loan | Home library | Current library | Date acquired | Total Checkouts | Full call number | Barcode | Date last seen | Price effective from | Koha item type |
|---|---|---|---|---|---|---|---|---|---|---|---|---|
| Library of Congress Classification | Kabarak, Main Campus | Kabarak, Main Campus | 17/12/2015 | DT32.5 .G36 | 006460 | 17/12/2015 | 17/12/2015 | Africana Collection |